Sirsoti Toon Ravi Tahian / (Record no. 527016)

000 -LEADER
fixed length control field 00479nam a22001697a 4500
003 - CONTROL NUMBER IDENTIFIER
control field NUST
020 ## - INTERNATIONAL STANDARD BOOK NUMBER
Qualifying information H/B
038 ## - RECORD CONTENT LICENSOR
Staff Name waseem
082 ## - DEWEY DECIMAL CLASSIFICATION NUMBER
Classification number 891.421
Author Mark SAJ
100 ## - MAIN ENTRY--PERSONAL NAME
Personal name Sajid, Ghulam Hussain
9 (RLIN) 15294
245 ## - TITLE STATEMENT
Title Sirsoti Toon Ravi Tahian /
Statement of responsibility, etc. Ghulam Hussain Sajid
260 ## - PUBLICATION, DISTRIBUTION, ETC.
Place of publication, distribution, etc. Lahore :
Name of publisher, distributor, etc. Sanjh Publications,
Date of publication, distribution, etc. 2007.
300 ## - PHYSICAL DESCRIPTION
Extent 141 p. ;
880 ## - ALTERNATE GRAPHIC REPRESENTATION
Linkage 100-01\r
Title غلام حسین ساجد
880 ## - ALTERNATE GRAPHIC REPRESENTATION
Linkage 245-02\r
Title سرسوتی توں راوی تائیں /
942 ## - ADDED ENTRY ELEMENTS (KOHA)
Source of classification or shelving scheme
Koha item type Book
Holdings
Withdrawn status Lost status Source of classification or shelving scheme Damaged status Not for loan Permanent Location Current Location Shelving location Date acquired Total Checkouts Full call number Barcode Date last seen Price effective from Koha item type
          Central Library (CL) Central Library (CL) Punjabi Literature 07/18/2019   891.421 SAJ CL-E-1013 07/18/2019 07/18/2019 Book
© 2023 Central Library, National University of Sciences and Technology. All Rights Reserved.